000 01162nam a2200313 c 4500
003 BLK
005 20250717151818.0
008 180411b bul|||||r ||||||| ||bul||
010 _aKNG00202999000
020 _a978-954-474-763-3
_bиздат.: Кибеа
040 _aBLK
041 _aBUL
_cBUL
072 7 _2bullib
_aН84
_xБългарска художествена литература Н
080 _aБългарска литература
_b821.163.2
_x-94
_z821.163.2-94
100 1 _aИнджова, Ренета Иванова
_eпърви автор
_9385233
139 _aИнджова, Ренета Иванова
_bИ 64
245 1 0 _aPhiladelpfia Regalis
_bКорени и цвят
_cРенета Иванова Инджова.
257 _aBGR
260 София
_bКибеа
_c2017
_fСофия : Инфодизайн
300 _a256 с.
_c21 см
380 _aX
659 _aН
852 _aЦб 284600
856 4 _qpdf
_u
856 4 _qpdf
_u
942 _cKNG
_n0
_015
944 _aCR
_c14.03.2017
_lЦветомила Тодорова
_k30576
944 _aED
_c16.09.2017
_lф /
_kПенка_Димитрова
999 _c193777
_d193777